LEADER 00679nam a2200181 i 4500 001 000000210969 003 CaOOAMICUS 005 20120215000000.0 008 120215s1941 it u000 u ita u 013 $a189782 040 $aSeMil$bita 245 10$a8. 300 $a331 p. 773 0 $aGregorovius, Ferdinand <1821-1891>$tStoria della cittŕ di Roma nel Medio Evo.$bNuova ed. integrale / per cura di Luigi Trompeo, Franco Caburi.$dCittŕ di Castello : Unione Arti Grafiche, 1938-1944.$w()26293 850 $aSeMil 852 $aSeMil$W1$xVenegono$y1$m3S II 232$j161416$B161416$CSeMilBibl$Z2$F172556 $81 961 $aRecupero: Altro 996 $6245$a8$9(OLS)http://semarc/title/54229 LEADER 01145nam a2200229 4500 001 000000358835 003 CaOOAMICUS 005 20240712120919.0 008 240712s2017 it a 000 u ita r 020 $a88-86517-62-9 040 $aSeMil$bita 245 03$a4: Contenente l'ufficio quotidiano dall'Orológhion, dal Paraklitikí e dai Minéi :$b(a partire dal vespro della Domenica di Tutti i santi, fino al 31 agosto) 264 1$aRoma :$bLipa,$c2017. 300 $a1087 p. ;$c21 cm 773 0 $tAnthologhion di tutto l'anno.$dRoma : Lipa, 2012-2017.$g2$w()358831 850 $aSeMil 852 $aSeMil$W1$xVenegono$y1$mSL1.X I 7$j249297$B249904$CSeMilBibl$Z2$F249904 $8I 852 $aSeMil$W1$xVenegono$y1$m3KK IV 46/4$j266726$B232740$CSeMilBibl$Z2$F232740 $81 996 $6020$a88-86517-62-9$9(OLS)http://semarc/number/290096 996 $6245$a4: Contenente l'ufficio quotidiano dall'Orológhion, dal Paraklitikí e dai Minéi :$b(a partire dal vespro della Domenica di Tutti i santi, fino al 31 agosto)$9(OLS)http://semarc/title/449227 996 $6264$aRoma :$bLipa$9(OLS)http://semarc/publisher/31573